000 00655nam a2200253Ia 4500
003 OSt
005 20221006144027.0
006 a|||||r|||| 00| 0
007 ta
008 221006b |||||||| |||| 00| 0 eng d
020 _c25.00
024 _a10,676
037 _cTextual
040 _aEASL
_cEASL
_beng
041 _2eng
_aeng
082 _aW691xM18:g, K9
100 _aJOSHI P.C. Ed.
245 0 _aHomage to Karl Marx
_b A Symposium
260 _aDelhi
_bPeople's Publishing House
_c1969
300 _a203p.
_ccm.
490 _v Oth
942 _hW691xM18:g, K9
_cTEXL
_2CC
999 _c1078762
_d1078762